| 000 | 00596cas a22001815a 4500 | ||
|---|---|---|---|
| 001 | L138393 | ||
| 008 | 070604d19681969gh qr p 0 a0eng u | ||
| 035 | _a(Sirsi) u138393 | ||
| 041 | 0 | _aeng | |
| 110 | 2 |
_aRoyal Institution of Chartered Surveyors _bGhana Branch _95213 |
|
| 245 | 0 | 4 |
_aThe Surveyor _bBulletin of the Royal Institution of Chartered Surveyors (Ghana Branch) |
| 260 |
_aAccra _bRICS _c1968-1969 |
||
| 362 | 0 | _a1(1) April 1968-2(3) August/October 1969 | |
| 554 | _aFour per year | ||
| 651 | 4 | _aGHANA | |
| 690 | _aMANAGEMENT-BUSINESS MANAGEMENT-PROFESSIONAL PRACTICE | ||
| 942 | _n0 | ||
| 999 |
_c118984 _d118984 |
||